000 00426nam a22001817a 4500
003 OSt
008 250424b |||||||| |||| 00| 0 eng d
020 _a9781032530765
082 _a006.31 SHD
100 _aSHARAFF,Aakanksha
245 _aData Science and Its Applications
250 _a1st Rep Ed
260 _aUK
_bCRC Press
_c2023
300 _a358
650 _aData Science
700 _aSINHA,GR
942 _2ddc
_cBK
999 _c13401
_d13401